Statistics for Haunted castles and houses

Click here to take the quiz!

General Stats

  • This quiz has been taken 17 times
  • The average score is 2 of 15

Answer Stats

HintAnswer% Correct
Famous American residence, haunted by Abraham Lincoln among othersThe White House
63%
Romanian castle, often erroneously thought to have been Vlad the Impaler's castleBran Castle
44%
A famous royal residence atop a volcanic plug, one of its many ghosts is a headless drummerEdinburgh Castle
19%
This very strange haunted Czech castle supposedly covers a gateway to hellHouska Castle
13%
Considered the most haunted place in IrelandLeap Castle
6%
French château cum hotel where a 'green lady' without eyes frightens the guestsChâteau de Brissac
6%
Opulent Rhode Island manor haunted by the ghost of Harold TinneyBelcourt Castle
0%
Austrian castle where thousands of 'witches' were tortured and executedMoosham Castle
0%
Slovenian castle half built into a cave system, once home to a pirate baronPredjama Castle
0%
'Britain's most haunted castle', where a blue boy haunts a pink roomChillingham Castle
0%
Danish castle where the tormented ghost of a 'white lady' roamsDragsholm Castle
0%
Another Romanian castle, thought to have been Vlad's prison for a while, where he learnt to impale ratsHunyad Castle
0%
Slovak castle, once the residence and then prison of Elizabeth BathoryČachtice Castle
0%
South African castle, haunted by the ghost of a cursed governorCastle of Good Hope
0%
Welsh castle where the ghost of a macaque haunts a fireplaceCarew Castle
0%

Score Distribution

Percentile by Number Answered

Percent of People with Each Score

Your Score History

You have not taken this quiz